An toàn sức khỏe tại nơi làm việc /
Đã lưu trong:
| Hovedforfatter: | |
|---|---|
| Format: | Sách giấy |
| Sprog: | Vietnamese |
| Udgivet: |
H. :
Lao động xã hội,
2001
|
| Udgivelse: | Tái bản lần thứ nhất có bổ sung |
| Tags: |
Tilføj Tag
Ingen Tags, Vær først til at tagge denne postø!
|
| Thư viện lưu trữ: | Thư viện Trường Đại học Đà Lạt |
|---|
| LEADER | 00744nam a2200289 4500 | ||
|---|---|---|---|
| 001 | DLU030022788 | ||
| 003 | ##DLU | ||
| 005 | ##20021230 | ||
| 008 | ##021230t vn z000 vie d | ||
| 040 | # | # | |a DLU |b vie |
| 041 | # | # | |a vie |
| 044 | # | # | |a vn |
| 082 | # | # | |a 613.62 |b NG-D |
| 100 | # | # | |a Nguyễn Đức Đãn |
| 245 | # | # | |a An toàn sức khỏe tại nơi làm việc / |c Nguyễn Đức Đãn |
| 250 | # | # | |a Tái bản lần thứ nhất có bổ sung |
| 260 | # | # | |a H. : |b Lao động xã hội, |c 2001 |
| 300 | # | # | |a 250 tr. ; |c 27 cm |
| 992 | # | # | |a 38000 |
| 994 | # | # | |a DLU |
| 900 | # | # | |a True |
| 911 | # | # | |a Thái Thị Thanh Thủy |
| 925 | # | # | |a G |
| 926 | # | # | |a A |
| 927 | # | # | |a SH |
| 980 | # | # | |a Thư viện Trường Đại học Đà Lạt |